| 000 | 00778nam a22002415a 4500 | ||
|---|---|---|---|
| 999 |
_c5952 _d5952 |
||
| 005 | 20190519121049.0 | ||
| 008 | 190423s2003 enka frb 001 0 eng d | ||
| 020 | _a0632059370 | ||
| 020 | _a9780632059379 | ||
| 040 |
_aEG-ScBUE _beng _cEG-ScBUE _dEG-ScBUE |
||
| 082 | 0 | 4 |
_a697 _bDAY _222 |
| 100 | 1 | _aDay, Anthony R. | |
| 245 | 1 | 0 |
_aHeating systems, plant and control / _cA. R. Day, M. S. Ratcliffe, K. J. Shepherd. |
| 260 |
_aOxford, UK ; _aMalden, MA : _bBlackwell Science, _c2003. |
||
| 300 |
_ax, 323 p. : _bill. ; _c26 cm. |
||
| 504 | _aIncludes bibliographical references and index. | ||
| 650 | 7 |
_aHeating. _2BUEsh |
|
| 651 | _2BUEsh | ||
| 653 |
_bENGELC _bENGGEN _cApril2019 |
||
| 700 | 1 | _aRatcliffe, Martin S. | |
| 700 | 1 | _aShepherd, Keith. | |
| 942 | _2ddc | ||